The effect of social security on early retirement (Registro nro. 25862)

Detalles MARC
000 -LEADER
fixed length control field 00374 a2200121 4500
001 - CONTROL NUMBER
control field ART_11816
005 - DATE AND TIME OF LATEST TRANSACTION
control field 20260410161900.0
008 - FIXED-LENGTH DATA ELEMENTS--GENERAL INFORMATION
fixed length control field 260409a
100 1# - MAIN ENTRY--PERSONAL NAME
Personal name Boskin, Michael
245 10 - TITLE STATEMENT
Title The effect of social security on early retirement
700 1# - ADDED ENTRY--PERSONAL NAME
Personal name Hurd, Michael D.
773 0# - HOST ITEM ENTRY
Title Journal of public economics
Related parts - Vol. 10, Nº 3 (dic. 1978)
Record control number REV11485

No hay ítems disponibles.